000 01404nam a2200313 a 4500
003 CO-PeBPR
005 20260423155758.0
008 260415e2024 ck a|||| n||| 00| 0 spa c
020 _a9786287672338
040 0 _aCO-PeBPR
_bspa
_cCO-PeBPR
_erda
041 0 _hspa
082 0 4 _a(i) Co863 E74g
100 1 _aEscobar Borrero, Fernando
_d1967
_eautor
245 1 0 _aEl guardián del páramo
_c/ Fernando Escobar Borrero ; ilustraciones de Diego Alejandro Escobar
250 _aEdición especial
264 1 _aBogotá, Colombia
_b: Richmond
_c, 2024
300 _a198 páginas
_b: ilustraciones en blanco y negro
_c; 20 centímetros
336 _atexto
_btxt
_crdacontenido
337 _asin mediación
_bn
_2rdamedio
338 _avolumen
_bnc
_2rdasoporte
490 _aPlan Nacional de Lectura, Escritura y Oralidad / Ministerio de las Culturas, Las Artes y los Saberes
500 _aIncluye índice.
520 _aEn la cordillera de los Andes, más exactamente en el departamento de Boyacá, hay un municipio cuyo nombre quiere decir "bosque de la esperanza". Allí va al colegio Marco, quien vive con su abuelo en la falda de un páramo. Tomado de la contracubierta del libro.
521 _aRecomendado para 7 a 12 años.
650 1 4 _2LEMB
_aNovela infantil colombiana
650 1 4 _2LEMB
_aLiteratura infantil colombiana
700 1 _aEscobar, Diego Alejandro
_eilustrador
942 _2ddc
_cBKINF
999 _c17776
_d17776